000
00327nas a2200145 a 4500
001
69475
003
143348
005
20201118110647.0
008
||||||n9999 ||| || ||
245
0
_a
Ediciones Laborales - No.305,296
260
_c
1987.
562
_e
0
773
_0
69471
_a
Ediciones Laborales
942
_c
SISS
999
_c
69475
_d
69475